000 00654nam a22002057a 4500
003 OSt
005 20260423004436.0
008 251009b |||||||| |||| 00| 0 eng d
020 _a978-0-22-30890-6.
040 _aDWCL-Admin lib
_cOC
082 _aCirc. 616.89 S527c 2007
100 _aShakow, Davide
245 _aClinical psychology as science & profession
_cDavide Shakow
260 _aUSA :
_baldine Transaction,
_cc2007.
300 _a x, 350 p. ;
_b23 cm.
504 _aIncludes bibliographical refrences & index.
650 _a1. Clinical psychology
650 _a2. Clinical psychology-Study and teaching
942 _2ddc
_cBK-CIRC
_kCirc.
_n0
999 _c4740
_d4740